000 00911nam a2200241Ia 4500
001 15788
003 GE_BSU
008 181216s||||||||xx |||||||||||||| ||und||
040 _cGE_BSU
080 _a821.353.1-31
100 _aჭილაია, სერგი (1912-1992)
245 _aშვილები
245 _bქრონიკა. გაგრძელება რომანისა "ეკატერინე ჭავჭავაძე
245 _cრედ.ლ.თურმანიძე. მხატვ.ს.ცინცაძე
260 _aთბილისი
260 _bმერანი
260 _c1973
300 _a301 გვ. ; 21 სმ
653 _aგაგრძელება რომანისა "ეკატერინე ჭავჭავაძე
653 _aქრონიკა.
653 _aშვილები
942 _cBK
999 _c48885
_d48885